| 000 | 02050nam a2200337 i 4500 | ||
|---|---|---|---|
| 003 | EG-GICUC | ||
| 005 | 20260124205454.0 | ||
| 008 | 260124s2002 ua ||||fr|||| 00| 0 ara d | ||
| 017 | _a٢٠٠٢/١٨٨٨٣ | ||
| 040 |
_a EG-GICUC _bara _c EG-GICUC _d EG-GICUC _erda |
||
| 041 | 0 | _aara | |
| 082 | 0 | 4 |
_221 _a3345.8 _bم ح . د |
| 092 | 0 | 4 | _221 |
| 099 | _aLaw1 07 3345.8 م ح . د 2000 | ||
| 100 | 0 |
_aمحمد ماهر أبو العينين _eمؤلف. |
|
| 245 | 1 | 2 |
_aالدفوع في نطاق القانون العام : _bالدفوع أمام القاضي الإداري والتأديبي. _nالكتاب الثاني، _pالدفوع العامة والدفوع أمام القضاء المتخصص في مجلس الدولة وفقاً لاحكام المحكمة الإدارية العليا حتى عام ٢٠٠٢ / _cالمستشار الدكتور محمد ماهر أبو العينين. |
| 264 | 3 |
_aالقاهرة : _bدار أبو المجد، _c2002. |
|
| 300 |
_a1139 صفحة؛ _c24 سم. _bإيضاحيات، صور، مثيليات ؛ |
||
| 336 |
_2rda content _atext |
||
| 337 |
_2rda media _aComputer |
||
| 338 |
_2rda carrier _aOnline Resource |
||
| 504 | _a. 240-220 ببليوجرافيا: صفحات. | ||
| 505 | _aالمكتبة . كلية الحقوق الدفع بعدم الاختصاص والإحالة الدفع بالتقادم المسقط الدفع بعدم جواز نظر الدعوى لسبق الفصل فيها - الدفع بعدم الدستورية الدفوع أمام القضاء المستعجل بمجلس الدولة الدفوع أمام القضاء التأديبي الدفوع أمام قاضي التنفيذ وقاضي الأمور الوقتية بمجلس الدولة. | ||
| 546 | _aالنص باللغة العربية | ||
| 650 | 1 | 4 |
_aالقضاء الإداري ووظائفه _2qrmak |
| 650 | 1 | 4 |
_aالقانون الإداري _2qrmak |
| 651 | 1 | _2qrmak | |
| 856 | 4 | 0 | _uhttps://fll.law.cu.edu.eg/fulltext/bks/B07-03183.pdf |
| 905 | _a32 | ||
| 942 |
_2ddc _cBK _e21 _n0 |
||
| 999 |
_c59081 _d59081 |
||